Missing Word: Holiday Misconceptions Quiz Stats

 Plays Quiz Updated Apr 18, 2019

Score 0/19 Timer 08:00
0 Plays Today
Misconception Missing Word % Correct
Christmas is the birthday of _____.Jesus
98.6%
Roses are red, violets are ____. Sugar is sweet, and so are you!blue
97.5%
Halloween was created around the idea of _____-or-treating.trick
96.9%
American ___________ Day celebrates the day the Declaration of ____________ was signed.Independence
96.3%
The best time to improve yourself is to make a New Year _________ on New Year's Eve.resolution
96.2%
__________ Day was created to celebrate love.Valentine's
96%
The first Thanksgiving was in late ________, just as it is today in the United States.November
95.6%
Valentine's Day was invented by greeting ____ companies.card
95.3%
Xmas is a secular word for _________.Christmas
95.3%
Individuals are required to ____ throughout Ramadan.fast
94.8%
Misconception Missing Word % Correct
Cinco de Mayo celebrates the independence of ______.Mexico
93.6%
Matzah must be consumed every ___ of Passover.day
93.4%
The _______ rate spikes as people become depressed around Christmastime.suicide
93%
St. Patrick's day is an _____ holiday because St. Patrick was _____.Irish
91.7%
A menorah has nine _______.candles
90.6%
Kwanzaa is a religious _______.holiday
89.9%
Poinsettias should not be used on Christmas as they are _____.toxic
77.9%
The dreidel was invented for ________.Hanukkah
51%
The word 'Easter' is derived from the Babylonian _______ Ishtar.goddess
21.9%

Today's Daily Dose

You're not logged in!

Compare scores with friends on all Sporcle quizzes.
OR
Log In

Sporcle TV

Today on Sporcle TV


Watch our educational content, quiz creation guides, and fun videos on Sporcle TV.

Show Comments

Extras

Top Quizzes Today


Score Distribution

Your Account Isn't Verified!

In order to create a playlist on Sporcle, you need to verify the email address you used during registration. Go to your Sporcle Settings to finish the process.

Report this User

Report this user for behavior that violates our Community Guidelines.

Details: